|
|
|
|
| LEADER |
00000cam a2200000 7i4500 |
| 001 |
0000032838 |
| 005 |
20220105104058.0 |
| 008 |
120627 |
| 020 |
|
|
|a 9812744869 (Set)
|
| 020 |
|
|
|a 981274486X
|
| 090 |
0 |
0 |
|a JP
|b EL ENG
|
| 100 |
1 |
|
|a Alexander, Andrian
|
| 245 |
1 |
0 |
|a Shapeys :
|b the treasure hunt
|c written and illustrated by Adrian Alexander
|
| 260 |
|
|
|a Sg :
|b Teachers@work ,
|c [s.n]
|
| 440 |
|
|
|a Shapeys; Level 2 Book A (Mathematics)
|
| 500 |
|
|
|a Children age 4-6 years old (yellow)
|
| 650 |
|
0 |
|a Early childhood education
|
| 650 |
|
0 |
|a English fiction
|
| 999 |
|
|
|a 0001142118
|b Book
|c Children Collection
|e Cawangan AEON Kulaijaya
|
| 999 |
|
|
|a 0001142119
|b Book
|c Children Collection
|e Perbadanan Perpustakaan Awam Johor
|
| 999 |
|
|
|a 0001142123
|b Book
|c Children Collection
|e Cawangan Pontian
|
| 999 |
|
|
|a 0001142125
|b Book
|c Children Collection
|e Cawangan Tangkak
|
| 999 |
|
|
|a 0001142127
|b Book
|c Children Collection
|e Cawangan Taman Sri Lambak
|
| 999 |
|
|
|a 0001142129
|b Book
|c Children Collection
|e Cawangan Segamat
|
| 999 |
|
|
|a 0001142130
|b Book
|c Baby
|e Cawangan Bandar Tenggara
|